000
00274nam a2200097Ia 4500
001
977319
005
20250826220724.0
008
250824s9999 xx 000 0 und d
245
0
_a
ABDÜLHAMİDİN KURTLARLA DANSI 3
_c
MUSTAFA ARMAĞAN-SEZAİ COŞKUN
260
_b
KETEBE YAYINLARI
999
_c
977319
_d
977319